00325nam a2200121Ia 4500008004100000082001600041100001700057245002200074260004700096300001000143630001800153650003200171211109s9999||||xx |||||||||||||| ||und|| a820 bRUS-S aRuskin, John 0aSesame and Lilies bMacmillan and Co., LimitedaKingstonc1900 a158p. xGeneral Stack aEnglish LiteraturexEnglish